Delay claims (Record no. 83182)

MARC details
000 -LEADER
fixed length control field 00693cab a22001815a 4500
001 - CONTROL NUMBER
control field L153089
008 - FIXED-LENGTH DATA ELEMENTS--GENERAL INFORMATION
fixed length control field 110607s2011 xxka f 000 0 eng d
035 ## - SYSTEM CONTROL NUMBER
System control number (Sirsi) u153089
041 0# - LANGUAGE CODE
Language code of text/sound track or separate title eng
100 1# - MAIN ENTRY--PERSONAL NAME
Personal name Lal, Hamish
245 00 - TITLE STATEMENT
Title Delay claims
Remainder of title City Inn v Shepherd Construction - a turning point
260 ## - PUBLICATION, DISTRIBUTION, ETC.
Date of publication, distribution, etc. 2011
490 ## - SERIES STATEMENT
Series statement Civil Engineering Surveyor
Volume/sequential designation June 2011, 36(1)
520 ## - SUMMARY, ETC.
Summary, etc. Cites two recent caes which help one to understand the extent to which the City Inn position on concurrent delay and more general delay analysis has been applied.
651 #4 - SUBJECT ADDED ENTRY--GEOGRAPHIC NAME
Geographic name United Kingdom
Chronological subdivision
690 ## - LOCAL SUBJECT ADDED ENTRY--TOPICAL TERM (OCLC, RLIN)
Topical term or geographic name as entry element BUILT ENVIRONMENT-CONSTRUCTION MANAGEMENT-BUILDING CONTRACT ADMINISTRATION
942 ## - ADDED ENTRY ELEMENTS (KOHA)
Suppress in OPAC 0
Holdings
Withdrawn status Lost status Source of classification or shelving scheme Damaged status Not for loan Home library Current library Shelving location Date acquired Total Checkouts Full call number Barcode Date last seen Copy number Price effective from Koha item type
    Dewey Decimal Classification     London London Journal article 07/06/2011   L153089 153089-1001 06/08/2019 1 06/08/2019 Journal article